| 000 | 00727nam a2200193 i 4500 | ||
|---|---|---|---|
| 001 | 90220 | ||
| 003 | ES-MaACL | ||
| 005 | 20230906180401.0 | ||
| 007 | t| | ||
| 008 | 050119s1905 fr ||||1| fre d | ||
| 100 | 1 |
_aLeblond, Marius-Ary. _971025 |
|
| 245 | 1 | 3 |
_aLa Société françaises sous la troisième republique _b: d'aprés les romanciers contemporains : l'enfant, les officiers, les financiers, la noblene, les anarchistes et les socialistes / _cpar Marius-ary Leblond. |
| 260 |
_aParís : _bF. Alcan, _c1905. |
||
| 300 |
_aXVI, 314 p. ; _c23 cm. |
||
| 490 | 1 | _aBibliothèque d'histoire contemporaine | |
| 830 | 0 |
_aBibliothèque d'histoire contemporaine _9180875 |
|
| 852 |
_aES-MaACL _jG-7202 |
||
| 999 |
_c90220 _d90220 |
||